แสดงรายละเอียดบรรณานุกรม
  กลับหน้าหลัก

Brief Record : Get Marc (ISO 2709) : E-mail record : QR code ปิดหน้าต่าง
E-books : เกี่ยวกับ Collections
LEADER 00000nam 2200000uu 4500
001    212337
003     ULIBM
008    020711s2556 th a 000 0 tha d
090    ^aวพ WQ 20 ป619ป 2556
100    ปิยรัตน์ โสมศรีแพง
245    รายงานวิทยานิพนธ์เรื่อง เปรียบเทียบการเตรียมคลอดและวิธีการเบ่งต่อผลการคลอดของมารดาที่คลอดครั้งแรก=^bComparison of childbirth preparation and pushing technique toward birth outcomes among nulliparous women/^cปิยรัตน์ โสมศรีแพง
246 31 ^aComparison of Childbirth Preparation and Pushing Technique Toward Birth Outcomes Among Nulliparous Women
260    ขอนแก่น :^bมหาวิทยาลัยขอนแก่น,^c2556
300    [ก-ฌ],92 หน้า;^bตาราง
500    ^aวิทยานิพนธ์ (พย.ม) - - สาขาวิชาการผดุงครรภ์ขั้นสูง บัณฑิตวิทยาลัย มหาวิทยาลัยขอนแก่น, 2556
650  4 การคลอด
650  4 ^aการทำคลอด
650  4 ^aวิทยานิพนธ์
999    ^aใช้งานได้ทุกระบบ
รายการนี้ยังไม่มีแท็ก
คุณยังไม่ได้ล็อกอิน คุณสามารถมีกิจกรรมร่วมกับเว็บไซต์ได้ แต่ต้องล็อกอินก่อน ::
  ล็อกอิน
ลำดับที่ ประเภท เลขเรียก สถานที่ สถานะ
1. วิทยานิพนธ์
วิทยานิพนธ์
วพ WQ 20 ป619ป 2556  
  
ชั้นหนังสือวิทยานิพนธ์ On Shelf
  ขอยืม
   [แสดง 1/1 รายการ]

รายการใกล้เคียง
    หัวเรื่อง [การคลอด]
    หัวเรื่อง [การทำคลอด]
    หัวเรื่อง [วิทยานิพนธ์]

BibComment


ยังไม่เคยถูกคอมเมนท์

คอมเมนท์ทรัพยากรรายการนี้
  คอมเมนท์: รายงานวิทยานิพนธ์..
Bib 212337

 
 
 

 Union Library Management : ULibM
Copyright 2026. All Rights Reserved.
скачать бесплатно без регистрации порно красивый секс HD Sex Hindi sex

xxx gou

xxxx

bfxxx

xxxwww

Секса Видео

xxxx

Секса Видео

detube

geilexxx

C99 Shell

worms shell

blod xxx video
Ebony Coed Rihanna Rimes Takes A Dick In Her Young Twat priyaa indian fuck anal and pusssy hardcore indian women xxx desi hardcore fucking part 1 bengalixxxcouple